|
|
|
|
| LEADER |
01075pam a22003258a 4500 |
| 001 |
00033292 |
| 005 |
20171026081025.0 |
| 008 |
150603s2011 ||||||Viesd |
| 020 |
|
|
|c 36000
|
| 041 |
0 |
# |
|a Vie
|
| 082 |
1 |
4 |
|a 615
|b GI108TR
|
| 100 |
1 |
# |
|a Phan, Quốc Kinh
|
| 245 |
0 |
0 |
|a Giáo trình các hợp chất thiên nhiên có hoạt tính sinh học
|c Phan Quốc Kinh
|
| 260 |
# |
# |
|a Hà Nội
|b Giáo dục
|c 2011
|
| 300 |
# |
# |
|b minh họa
|a 215 tr.
|c 24 cm.
|
| 504 |
# |
# |
|a Thư mục: tr. 212-213
|
| 653 |
# |
# |
|a Dược phẩm
|
| 653 |
# |
# |
|a Giáo trình
|
| 653 |
# |
# |
|a Thuốc
|
| 653 |
# |
# |
|a Hợp chất tự nhiên
|
| 852 |
# |
# |
|b Kho giáo trình
|j KGT.0049055, KGT.0049056, KGT.0049057, KGT.0049058
|
| 852 |
# |
# |
|b Kho mượn
|j KGT.0049055
|
| 852 |
# |
# |
|j KD.0016696
|j KGT.0049056
|j KGT.0049057
|j KGT.0049055
|j KGT.0049058
|
| 852 |
# |
# |
|b Kho đọc
|j KD.0016696
|
| 910 |
0 |
# |
|a kchi
|d 3/6/2015
|
| 980 |
# |
# |
|a Trung tâm Học liệu Lê Vũ Hùng, Trường Đại học Đồng Tháp
|